MDQL
is popping MORE tags! Check the
thread
!
Quizzes
Events
Quiz Creation
Community
Videos
Private Events
Remove Ads
Sign In
Join for FREE
Feedback
Dark Mode
Quiz Categories
Sports
Geography
Music
Movies
Television
Just For Fun
Miscellaneous
History
Literature
Language
Science
Gaming
Entertainment
Religion
Holiday
For Kids
Quiz Lab
Recent
Popular Today
Quiz Kudos Today
Editor Picks
Curator Picks
Quizzes by...
Day
Popularity
Type
Ratings
Length
Year
Community
Subscriptions
Recent Discussions
Orange Saloon
Badges
Playlists
Quests
Create
Leaderboards
Showdown
Live 5
Trivia Bingo
Activity
Puzzle Library
Sporcle Events
Private Events
Virtual Trivia
Globe League
Become a Host
Pub Owners
SporcleCon
Opinionation
Our Games
Videos
Blog
Mobile Apps
Partnerships
Remove Ads and Go Orange
Feedback
Television
TV Characters
TV Show
Sitcom
Network
Friends
Reality Shows
Cast
South Park
Star Trek
The Simpsons
Doctor Who
Television
TV Characters
TV Show
Sitcom
Network
Friends
Reality Shows
Cast
South Park
Star Trek
The Simpsons
Doctor Who
Random Quiz
Search Sporcle
×
Quiz Lab
Quiz Lab
Television
Vampire
Type in answers that appear in a list
Type in answers that appear in a list
Classic
Best Score? Go Orange.
Buffy quiz! For serious fans only! Stats
Can you name the How well do you know Buffy the Vampire Slayer??
By
ckoolen
6m
16 Questions
1,335 Plays
1,335 Plays
1,335 Plays
Comments
Comments
Give Quiz Kudos
Give Quiz Kudos
-
- Ratings
hide this ad
Forced Order
Answers have to be entered in order
Answers have to be entered in order
Replay
Link that replays current quiz
Next Quiz
Link to next quiz in quiz playlist
You Got
0%
They Got
Avg Score
55%
Avg Friend Score
Upgrade to see
Score Distribution
Jump to the score distribution portion of the page
Score
0/16
Timer
06:00
0
Plays Today
Question
Answer
% Correct
Buffy's father's name
Hank
93%
Who's brother is Andrew?
Tucker
76.2%
What does dawn burn when she finds out she is the key?
diaries
72.4%
What does Willow tell Riley Buffy likes so they have something to talk about?
cheese
72%
In Earshot, who wanted to kill everyone?
the lunch lady
68.5%
The anternate reality that is talked about more than once is a world without this
shrimp
65.9%
what baked good does Buffy refer to herself as?
cookies
61.7%
How does Cassie die?
heart failure
58.7%
Question
Answer
% Correct
What was on the frame Dawn made Buffy for her birthday?
shells
56.9%
Why does cordelia's family go broke?
her dad didn't pay taxes
47.9%
In Barganning pt. 1 & 2, what 3 characters were wearing shirts with numbers on them?
Willow, Xander, Dawn
46.1%
Who is the murderer at the doublemeat palace?
wig lady
39.1%
Which of Joyce's lipsticks does Faith like?
Harlot
38.9%
Glory refers to herself as the origional one eyed chicklet in the kingdom of the what?
blind
38.2%
I spy with my little eye something that begins with the letter T!
Tapestry
25.1%
All work and no play makes 'blank' a dull girl.
Doris
20.8%
Quiz Playlist
Details
Report
Send in Message
Add To Playlist
Classic:
Type in answers that appear in a list
Forced Order:
Answers have to be entered in order
Last Updated: Feb 16, 2017
Quiz Scoreboard
CHALLENGE
Sign Up to Join the Scoreboard
Show All
Scores
Hide
Comments
May contain spoilers
Recently Published
Find the 'City' Movie
by crazypaving
Movies
60s
5x2 Blitz: Bands
by SL_Kpop136
Music
30s
Colored Red Africa Blitz
by spor1
Geography
30s
More to Explore
Quiz From the Vault
Featured Blog Post
14 Easter Pick-up Lines to Find Eggs With
hide this ad
You Might Also Like...
Tags
Buffy the Vampire Slayer
Slayer
Vampire
Vampire Slayer
Today's Top Quizzes in Television
Browse Television
hide this ad
Today's Top Quizzes in Vampire
Browse Vampire
Top Contributed Quizzes in Television
1
Survivor Journey Challenge
2
Brooklyn Nine Nine Logic Puzzle (How-To-Play)
3
Phoebe Buffay Quotes
4
One Tree Hill Logic Puzzle
5
Survivor Logic Puzzle: Heroes vs. Villains
6
Survivor Trivia
7
Game of Thrones: Tywin Lannister Start to Finish
8
All US Survivor Seasons in Order
9
Emmerdale Characters (from August 2012)
10
Survivor Trivia #6: Criteria Quiz!
Explore More
Trending Topics
Anime
Marvel
Kpop
Crossword
Harry Potter
NBA
Disney
Soccer
Pokémon
Puzzle
The Office
Country
WWE
NFL
Song
hide this ad
More By:
ckoolen
Quiz
Plays
Rating
Category
Featured
Created
Buffy quiz! For serious fans only!
1,335
2.67
Television
Jun 19, 2011
Buffy the Vampire Slayer Characters
416
2.60
Television
Sep 19, 2011
Go to Creator's Profile
Score Distribution
Quiz Creator Spotlight
ckoolen
Follow
Send a Message
Quizzes Created
-
Created Quiz Play Count
-
More By This Creator
Popular Quizzes Today
1
Colored Red Africa Blitz
2
Find the 'City' Movie
3
5x2 Blitz: Bands
4
Find the US States - No Outlines Minefield
5
The Countries of the World
6
Find the US States
7
US States
8
9x9 Crossword: Cartoon Network
More Television Quizzes
Buffy Characters by Number of Episodes
Quiz Lab
Trending Quizzes
Colored Red Europe Blitz I
Colored Red Africa Blitz II
Colored Red Africa Blitz III
Colored Red Europe Blitz III
Colored Red Europe Blitz II
Recently Updated
Champions League XIs: Real Madrid
pecheneg
Largest US Cities 1790-2010
pecheneg
Rides in Walt Disney World
pecheneg
Most Oscar Losses (Acting)
pecheneg
Beyoncé Albums
pecheneg
Leaping Animals
pecheneg
Reality TV Shows (A-Z)
bhenderson79
Rickey Henderson's Hall of Fame Teammates
pecheneg
Champions League XIs: Arsenal
pecheneg
Quick Pick: Celebrities in WWE's Hall of Fame
aduchscher
Trending Topics
Marvel
Harry Potter
Kpop
Disney
Crossword
NBA
Anime
Puzzle
Country
The Office
WWE
Soccer
Song
Pokémon
NFL
Your Account Isn't Verified!
In order to create a playlist on Sporcle, you need to verify the email address you used during registration. Go to your
Sporcle Settings
to finish the process.
Report this User
Report this user for behavior that violates our
Community Guidelines
.
Details:
Send Report
Go to the Sporcle.com Mobile Site →
Comments